Dynamic physical education for elementary school children/ (Record no. 8354)
[ view plain ]
| 000 -LEADER | |
|---|---|
| fixed length control field | 00763nam a2200193 4500 |
| 008 - FIXED-LENGTH DATA ELEMENTS--GENERAL INFORMATION | |
| fixed length control field | 180125b xxu||||| |||| 00| 0 eng d |
| 020 ## - INTERNATIONAL STANDARD BOOK NUMBER | |
| International Standard Book Number | 0-02-327730-0 |
| 082 ## - DEWEY DECIMAL CLASSIFICATION NUMBER | |
| Edition number | 1989 |
| Classification number | DC 372.86 |
| Item number | D26 |
| 100 ## - MAIN ENTRY--PERSONAL NAME | |
| 9 (RLIN) | 25837 |
| Personal name | Dauer, Victor P. |
| 245 ## - TITLE STATEMENT | |
| Title | Dynamic physical education for elementary school children/ |
| Statement of responsibility, etc. | Victor P. Dauer , Robert P. Pangrazi |
| 250 ## - EDITION STATEMENT | |
| Edition statement | NINTH EDITION |
| 260 ## - PUBLICATION, DISTRIBUTION, ETC. (IMPRINT) | |
| Place of publication, distribution, etc. | Unites States: |
| Name of publisher, distributor, etc. | Macmillan Publishing Company, |
| Date of publication, distribution, etc. | ©1989 |
| 300 ## - PHYSICAL DESCRIPTION | |
| Extent | v, 694 pages: |
| Other physical details | color illustration; |
| Dimensions | 28 cm. |
| 521 ## - TARGET AUDIENCE NOTE | |
| Target audience note | Includes bibliographies and index. |
| 650 #0 - SUBJECT ADDED ENTRY--TOPICAL TERM | |
| 9 (RLIN) | 25838 |
| Topical term or geographic name as entry element | Physical education for children |
| Geographic subdivision | United States |
| 650 #0 - SUBJECT ADDED ENTRY--TOPICAL TERM | |
| 9 (RLIN) | 25840 |
| Topical term or geographic name as entry element | Physical education for children |
| Geographic subdivision | United States |
| Form subdivision | Study and Teaching |
| 700 ## - ADDED ENTRY--PERSONAL NAME | |
| 9 (RLIN) | 25841 |
| Personal name | Pangrazi, Robert P. |
| 942 ## - ADDED ENTRY ELEMENTS (KOHA) | |
| Source of classification or shelving scheme | Dewey Decimal Classification |
| Koha item type | Circulation |
| Withdrawn status | Lost status | Source of classification or shelving scheme | Damaged status | Not for loan | Collection code | Home library | Current library | Date acquired | Source of acquisition | Total Checkouts | Full call number | Barcode | Date last seen | Copy number | Price effective from | Koha item type |
|---|---|---|---|---|---|---|---|---|---|---|---|---|---|---|---|---|
| Dewey Decimal Classification | Circulation | UM Digos College - LIC | UM Digos College - LIC | 05/06/1995 | Purchased | DC 372.86 D26 1989 | 11832 | 06/08/2021 | 3 | 01/25/2018 | Circulation | |||||
| Dewey Decimal Classification | Circulation | UM Digos College - LIC | UM Digos College - LIC | 01/16/1995 | Purchased | DC 372.86 D26 1989 | 11670 | 06/08/2021 | 2 | 01/26/2018 | Circulation | |||||
| Dewey Decimal Classification | Circulation | UM Digos College - LIC | UM Digos College - LIC | 04/05/1995 | Purchased | DC 372.86 D26 1989 | 11806 | 05/15/2025 | 1 | 01/26/2018 | Circulation |
